zpět

Detail výsledku týmu

Chicago Bar & Grill ČT, Liberec

Datum a čas kvízu

35.5 Celkem bodů Celkový počet nahraných bodů na tomto kvízu bez doplňovacích otázek.
3. Pořadí na kvízu Konečné umístění týmu na tomto kvízu.

Zaznamenané odpovědi

# Otázka Odpověď Body Výsledky
1. Ve středu byl do vedení Poslan... Jan Bartošek; KDU-ČSL 1
2. Minulý týden jsme se dozvěděli... C 1
3. Nejvíce sexy mužem světa za ro... Jonathan Bailey 0
4. Která velká čínská firma prodá... Shein 1
5. Který český fotbalový klub by... FC Baník Ostrava 1
6. První novodobé hry se konaly v... C 1
7. U maratonu ještě zůstaneme. Me... Etiopii, běžel bosky 1
8. V Calgary se v roce 1988 na st... Eddie Eagle/orel Eddie/The Eagle; skoky na lyžích 1
9. Nyní se přeneseme na olympijsk... Kateřina Kůrková, Matthew Emmons 0.5
10. Na závěr postupně uslyšíte tři... 3, 2, 1 1